| 000 | 00836nam a22002177a 4500 | ||
|---|---|---|---|
| 005 | 20240530110527.0 | ||
| 008 | 160308s2013 ua a g 000 0 ara d | ||
| 017 |
_a16549 _bمصر . دار الكتب المصرية |
||
| 020 | _a9789773582847 | ||
| 040 | _aEG-CaGPL | ||
| 082 | 0 | 4 |
_221 _a155.2\ _bم ث |
| 100 | 1 | _aماكجى ، بول | |
| 245 | 1 | 2 |
_aالثقة بالنفس : _bهل يمثل التغير البسيط فرقا كبيرا ؟ / _cتاليف بول ماكجى ؛ ترجمة احمد المغربى |
| 250 | _aط1 | ||
| 260 |
_aالقاهرة : _bدار الفجر للنشر و التوزيع ، _c2013 . |
||
| 300 |
_a276 ص : _bايض ؛ _c24 سم . |
||
| 650 | 0 | 4 | _aالثقة بالنفس |
| 700 | 0 |
_aاحمد المغربى _eمترجم |
|
| 942 |
_2ddc _cBK |
||
| 999 |
_c62022 _d62022 |
||